| 000 | 00918nam a2200277 i 4500 | ||
|---|---|---|---|
| 003 | DO-SdBNP | ||
| 005 | 20250714143431.0 | ||
| 007 | ta | ||
| 008 | 250714b2024 dr ao || |||| 00| 0aspa d | ||
| 020 | _a9789945189858 | ||
| 040 |
_aDO-SdBNP _bspa _cBNPHU _erda |
||
| 041 | _aspa | ||
| 082 |
_axxx _bG633 _222 |
||
| 100 | 1 |
_aGómez Cerda, José _eautor _4aut. _98583 |
|
| 245 | 1 |
_aTestimonios y Memorias / _cJosé Gómez Cerda ; prólogo, Ramón Benito de la Rosa y Carpio |
|
| 264 | 1 |
_aSanto Domingo : _bEditorial Santuario, _c2024. |
|
| 300 |
_avolumen : _bilustraciones, fotografías ; _c24 cm. |
||
| 336 |
_atexto _btxt _2rdacontent |
||
| 337 |
_asin mediación _bn _2rdamedia |
||
| 338 |
_avolumen _bnc _2rdacarrier |
||
| 500 | _aLa biblioteca posee el tomo I. | ||
| 590 | _aInventariado, 2025/ YL | ||
| 700 | 1 |
_aRosa y Carpio, Ramón Benito de la _eprólogo _4pr. _988354 |
|
| 910 | _aYLockward | ||
| 942 |
_2ddc _cLBS1 |
||
| 999 |
_c58182 _d58182 |
||